Sports Quiz

Random Sports or State Quiz
Score 0/24 Timer 06:00
0 Plays Today
Slugging Percentage Player % Correct
.6898Babe Ruth
98.8%
.6069Barry Bonds
95.1%
.6338Ted Williams
94.1%
.6277Albert Pujols
91.2%
.6324Lou Gehrig
90.1%
.5755Alex Rodriguez
88%
.5882Mark McGwire
87.8%
.5575Willie Mays
87.3%
.5568Mickey Mantle
87.1%
.5907Manny Ramirez
82.5%
.6093Jimmie Foxx
80.2%
.5567Jim Thome
76.9%
Slugging Percentage Player % Correct
.5788Joe DiMaggio
71.4%
.5591Stan Musial
66.5%
.6050Hank Greenberg
60.1%
.5858Ryan Howard
57.6%
.5765Rogers Hornsby
54.9%
.5666Todd Helton
54.7%
.5652Larry Walker
47.5%
.5607Juan Gonzalez
44.8%
.5683Vladimir Guerrero
42.4%
.5638Albert Belle
38.6%
.5620Johnny Mize
33.9%
.5555Lance Berkman
30.4%
Remove Ads.
Support Sporcle.
Get the best of Sporcle when you Go Orange. This ad-free experience offers more features, more stats, and more fun while also helping to support Sporcle. Thank you for becoming a member.

You're not logged in!

Compare scores with friends on all Sporcle quizzes.
OR
Log In

Show Comments

Extras

Top Quizzes Today


Score Distribution

Your Account Isn't Verified!

In order to create a playlist on Sporcle, you need to verify the email address you used during registration. Go to your Sporcle Settings to finish the process.

Report this User

Report this user for behavior that violates our Community Guidelines.

Details: